Boca bonita y verdes mis ojos
Salvato in:
| Autori principali: | , |
|---|---|
| Natura: | Libro |
| Lingua: | spagnolo |
| Pubblicazione: |
Buenos Aires
Estuario
1967
|
| Edizione: | 1a. ed |
| Serie: | El Perseguidor
|
| Soggetti: | |
| Tags: |
Aggiungi Tag
Nessun Tag, puoi essere il primo ad aggiungerne!!
|
MARC
| LEADER | 00000cam a2200000 a 4500 | ||
|---|---|---|---|
| 001 | UCE1398 | ||
| 003 | CL-VaPUC | ||
| 008 | 140414e19671100ag |||||||||||||||||spa|d | ||
| 082 | 0 | 4 | |a 813 |b SAL |2 21 |
| 100 | 0 | |a Salinger, Jerome David |e author |9 573693 | |
| 700 | 0 | |a Weigand, William |e author |9 573694 | |
| 245 | 1 | 0 | |a Boca bonita y verdes mis ojos |
| 246 | 1 | 4 | |a Las setenta y ocho bananas de J. D. Salinger |
| 250 | |a 1a. ed | ||
| 300 | |a 55 p | ||
| 942 | |c BK | ||
| 945 | |d 20140414 |a dcastane | ||
| 260 | |a Buenos Aires |b Estuario |c 1967 | ||
| 650 | 0 | |a Novelas estadounidenses |9 265217 | |
| 650 | 0 | |a Literatura estadounidense |9 317168 | |
| 583 | |a last modification |c 20140423 03:17:54 |k Rodrigo Vera | ||
| 490 | 0 | |a El Perseguidor | |
| 999 | |c 355186 |d 355184 | ||
| 952 | |0 0 |1 0 |3 erb |4 0 |6 813_000000000000000_SAL_1967 |7 0 |8 A |9 461735 |a BIBART |b BIBART |i 5043336 |l 4 |o 813 SAL 1967 |p 5043336 |q 2025-07-31 |r 2025-04-02 |s 2025-04-02 |w 2019-11-23 |y BK |z Catalogado en:20140414 |k ART | ||